Naše slovenská otázka po dvou letech: ekonomický doplněk.

Jediným racionálnym základom budúceho štátneho usporiadania sú samostatné republiky, ktoré budú viazané vzájomne výhodnými a prísne dodržiavanými zmluvami. Teoretická alternatíva návratu k federácii nie je možná.

Enregistré dans:
Détails bibliographiques
Auteur principal: Dyba, K.
Format: Chapitre de livre
Langue:tchèque
Sujets:
Tags: Ajouter un tag
Pas de tags, Soyez le premier à ajouter un tag!

MARC

LEADER 00000naa a2200000 4500
001 r009379
005 20220831083829.0
041 0 |a cze 
044 |a [CS] 
245 1 0 |a Naše slovenská otázka po dvou letech: ekonomický doplněk.  |c K. Dyba 
520 |a Jediným racionálnym základom budúceho štátneho usporiadania sú samostatné republiky, ktoré budú viazané vzájomne výhodnými a prísne dodržiavanými zmluvami. Teoretická alternatíva návratu k federácii nie je možná. 
610 2 0 |a ČSFR 
610 2 0 |a Čechy 
610 2 0 |a Slovensko 
610 2 0 |a 1993 
610 2 0 |a suverenita 
610 2 0 |a vzťahy zmluvné 
100 1 |a Dyba, K.